=LDR 00000nam 2200000 4500 =001 NUTBA000000000001367 =005 20260228121146 =035 ##$$a 0010-041400000000637 =008 260228################j##########0#ind## =082 ##$$a 591.04 =090 ##$$a 591.04 $b chr m =100 ##$$a Christiansen, Per =245 1#$$a Hewan prasejarah : $b Monster alam /$c Per Christiansen =260 ##$$a Jakarta :$b Mmedia Komputindo,$c 2009 =300 ##$$a 32 hlm. : $b illus ; $c 17 cm =850 ##$$a NBPBMAT =020 ##$$a 978-979-27-4920-5 =084 ##$$a 591.04 CHR m =650 #4$$a Binatang langka =990 ##$$a 21194944/BPAP-NTB/2014 =990 ##$$a 21101030 =990 ##$$a 1201102809 =990 ##$$a 21101031